| 000 | 00482 a2200169 4500 | ||
|---|---|---|---|
| 003 | Nust | ||
| 005 | 20230306105024.0 | ||
| 040 | _cNust | ||
| 082 | _a320,WOO | ||
| 100 |
_aWoolf Leonard _949363 |
||
| 245 |
_aThe Modern State / _cLeonard Woolf |
||
| 260 |
_aLondon _bGeorge _61944 |
||
| 505 | _aCan Democracy Survive? (Page-15), Social Institutions (Page-165), World Government (Page-253). | ||
| 600 |
_aLeonard Woofe _9109791 |
||
| 650 |
_aModern State _9109792 |
||
| 942 |
_2ddc _cBK |
||
| 999 |
_c184869 _d184869 |
||